| LEADER | 00493cam a2200133 7i4500 | ||
|---|---|---|---|
| 001 | 0000024778 | ||
| 005 | 20100715090000.0 | ||
| 090 | 0 | 0 | |a T 382.7 |b PER (INDO) |
| 245 | 0 | 0 | |a Perubahan klasifikasi dan penetapan tariff BEA masuk atas barang impor produk-produk tertentu dalam rangka skema Common Effective Preferential Tariff (CEPT). |
| 260 | 0 | 0 | |a [Jakarta]: |b [s.n], |c 2009. |
| 300 | # | # | |a 100 p. |
| 650 | 0 | 0 | |a Tariff -- |z Indonesia |
| 651 | 0 | 0 | |a Indonesia |
| 999 | |a 0000026474 |b Book |c Tariffs |e Business Information Centre | ||